书目信息 |
| 题名: |
作为哲学范畴的物质
|
|
| 作者: | 阿尔希采夫 著 ;卢冀宁 译 | |
| 分册: | ||
| 出版信息: | 北京 中国社会科学出版社 1984 |
|
| 页数: | 310页 | |
| 开本: | 19cm | |
| 丛书名: | ||
| 单 册: | ||
| 中图分类: | B021 | |
| 科图分类: | ||
| 主题词: | 辩证唯物主义--物质观 | |
| 电子资源: | ||
| ISBN: | ||
| 000 | 00607nam0 2200205 45 | |
| 001 | 0181024174 | |
| 005 | 20060424111902.53 | |
| 010 | @dCNY1.45 | |
| 091 | @a2190.101 | |
| 100 | @a20810111d1984 km y0chiy0120 ea | |
| 101 | 0 | @achi |
| 200 | 1 | @a作为哲学范畴的物质@AZUO WEI ZHE XUE FAN CHOU DE WU ZHI@f(苏)费·季·阿尔希采夫著@F(Su)Fei·Ji·A Er Xi Cai Fu Zhu@g卢冀宁译 |
| 210 | @a北京@c中国社会科学出版社@d1984 | |
| 215 | @a310页@d19cm | |
| 606 | 0 | @a辩证唯物主义@x物质观 |
| 690 | @aB021@v3 | |
| 701 | 0 | @a阿尔希采夫@4著 |
| 702 | 0 | @a卢冀宁@ALu Ji Ning@4译 |
| 801 | @aCN@bTSTC@c20060424 | |
| 905 | @dB021@e46 | |
| 作为哲学范畴的物质/(苏)费·季·阿尔希采夫著/卢冀宁译.-北京:中国社会科学出版社,1984 |
| 310页;19cm |
| ISBN :CNY1.45 |
| ● |
| 相关链接 |
|
|
|
|
正题名:作为哲学范畴的物质
索取号:B021/46
 
预约/预借
| 序号 | 登录号 | 条形码 | 馆藏地/架位号 | 状态 | 备注 |
| 1 | 0178253 | 202267965 | 密集书库/ [索取号:B021/46] | 在馆 | |
| 2 | 0178254 | 001114957 | 密集书库/ [索取号:B021/46] | 在馆 | |
| 3 | 0178255 | 001114948 | 第一样本阅览室/ [索取号:B021/46] | 在馆 |